000 00472pab a2200169 454500
008 180718b2005 xxu||||| |||| 00| 0 eng d
100 _aHaragopal, G.
245 _aHuman rights education in India concepts and concerns
260 _c2005
300 _ap.104-122.
650 _aHuman rights education - India
650 _aHuman rights education
700 _aSudarshnam, G.
773 _aThe National Human Rights Commission, India
908 _aN
909 _a72327
999 _c72327
_d72327